| 000 | 00490nam a2200193 4500 | ||
|---|---|---|---|
| 003 | SEACOMEC | ||
| 005 | 20250807123132.0 | ||
| 008 | 231221b |||||||| |||| 00| 0 eng d | ||
| 040 | _aSEACOMEC | ||
| 082 |
_a621.382 _bT63D |
||
| 100 | _atocci,Ronald J. | ||
| 245 | 1 |
_aDigital systems : principles and applications _cRonald J. Tocci |
|
| 250 | 1 | _a8th ed. | |
| 260 | 1 |
_aDelhi _bpearson _c2003 |
|
| 650 | _aTechnology | ||
| 650 | _aElectronics | ||
| 700 | _awidmer, Neal S | ||
| 942 | _cBOOK | ||
| 999 |
_c276 _d276 |
||